| 000 | 02692 a2200445 4500 | ||
|---|---|---|---|
| 003 | Nust | ||
| 005 | 20170207165241.0 | ||
| 020 | _a9780471754329 | ||
| 020 | _a9780471754329 | ||
| 024 | 7 | _a10.1002/0471754323 | |
| 035 | _a(EBZ)ebs554776e | ||
| 035 | _a(OCoLC)62325975 | ||
| 035 | _a(WaSeSS)ssj0000145116 | ||
| 035 | _a(WaSeSS)ssj0000145116 | ||
| 040 | _cNust | ||
| 082 | 0 | 4 | _a620.1/18 |
| 100 | 1 | _aCaloz, Christophe, | |
| 245 | 1 | 0 |
_aElectromagnetic metamaterials (E Book) _h[Elektronisk resurs] : _btransmission line theory and microwave applications : the engineering approach / _cChristophe Caloz, Tatsuo Itoh. |
| 260 |
_aHoboken, N.J. : _bJohn Wiley & Sons, _c2006. |
||
| 300 |
_a1 online resource (xviii, 352 p.) : _bill. |
||
| 500 | _a"Wiley-Interscience publication." | ||
| 505 | 0 | _aFundamentals of LH MTMs -- TL theory of MTMs -- Two-dimensional MTMs -- Guided-wave applications -- Radiated-wave applications -- The future of MTMs. | |
| 650 | 0 | _aMagnetic materials. | |
| 650 | 0 | _aMateriais magn�ticos. | |
| 650 | 0 | _aMetamaterials. | |
| 650 | 0 | _aMicrowave transmission lines. | |
| 650 | 0 | _aNanostructured materials. | |
| 650 | 0 |
_aTECHNOLOGY & ENGINEERING _xMaterial Science. |
|
| 655 | 4 | _aElectronic books. | |
| 655 | 4 | _aElectronic books. | |
| 700 | 1 | _aItoh, Tatsuo. | |
| 856 | 4 | 2 |
_3John Wiley _uhttp://dx.doi.org/10.1002/0471754323 |
| 856 | 4 | 2 | _uhttp://ezproxy.its.uu.se/login?url=http://ieeexplore.ieee.org/servlet/opac?bknumber=5237794 |
| 856 | 4 | 2 | _uhttp://link.sub.su.se/sfxsub?url_ver=Z39.88-2004&ctx_ver=Z39.88-2004&ctx_enc=info:ofi/enc:UTF-8&rfr_id=info:sid/sfxit.com:opac_856&url_ctx_fmt=info:ofi/fmt:kev:mtx:ctx&sfx.ignore_date_threshold=1&rft.object_id=1000000000355461&svc_val_fmt=info:ofi/fmt:kev:mtx:sch_svc& |
| 856 | 4 | 2 | _uhttp://proxy.lib.chalmers.se/login?url=http://ieeexplore.ieee.org/servlet/opac?bknumber=5237794 |
| 856 | 4 | 2 | _uhttp://proxy.lib.chalmers.se/login?url=http://library.books24x7.com/library.asp?^B&bookid=22680 |
| 856 | 4 | 2 | _uhttp://sfxeu10.hosted.exlibrisgroup.com/sfxkth?url_ver=Z39.88-2004&ctx_ver=Z39.88-2004&ctx_enc=info:ofi/enc:UTF-8&rfr_id=info:sid/sfxit.com:opac_856&url_ctx_fmt=info:ofi/fmt:kev:mtx:ctx&sfx.ignore_date_threshold=1&rft.object_id=1000000000355461&svc_val_fmt=info:ofi/fmt:kev:mtx:sch_svc& |
| 856 | 4 | 2 | _uhttp://sfxeu11.hosted.exlibrisgroup.com/sfxkib?url_ver=Z39.88-2004&ctx_ver=Z39.88-2004&ctx_enc=info:ofi/enc:UTF-8&rfr_id=info:sid/sfxit.com:opac_856&url_ctx_fmt=info:ofi/fmt:kev:mtx:ctx&sfx.ignore_date_threshold=1&rft.object_id=1000000000355461&svc_val_fmt=info:ofi/fmt:kev:mtx:sch_svc& |
| 856 | 4 | 2 | _uhttps://lt.ltag.bibl.liu.se/login?url=http://www.books24x7.com/marc.asp?bookid=22680 |
| 942 |
_2ddc _cBK |
||
| 999 |
_c211223 _d211223 |
||